000 00561nam a2200205Ia 4500
005 20250923144849.0
008 008 250917s9999 xx 000 0 eng d
037 _aTextual
040 _aDSWL
_beng
_cDSWL
041 _aeng
_2eng
084 _aS:4, K3
_qDSWL
100 _aKatz, Robert L.
_9829198
245 0 _aEmpathy its nature and uses
_cby Robert L. Katz
260 _aGloncoe
_bThe Free Press
_c1963
300 _axii,210p.
365 _aUSD
_b4.95
925 _g4.95
942 _cTEXL
_hS:4, K3
999 _c1444316
_d1444316